000 00753nam a2200241 a 4500
001 BRL_1089
005 20190320211030.0
008 111113s1975----mx-a######---#000-0#spa-#
041 _aspa
044 _amx
050 4 _aNK844
_b.F47 1975
100 1 _aFernández, María Patricia
_925779
245 1 0 _aEl arte del pueblo mexicano
_cMaría Patricia Fernández.
260 _aMéxico
_bUniversidad Nacional Autónoma de México, Dirección General de Publicaciones
_c1975
300 _a42 p.
_bil., 69 láminas
_c24 cm.
440 0 _aColección de arte
_v28
_925780
500 _aAu1214
504 _aBibliografía: p. 37-38
650 1 4 _aArte popular
_zMéxico
_9882
650 1 4 _aArte decorativo
_zMéxico
_925781
902 _aGRL
942 _2lcc
_cB
999 _c9901
_d9901